[Event "Speed Chess (Women) Q2"]
[Site "Chess.com INT"]
[Date "2021.05.29"]
[Round "4"]
[White "Priyanka, K."]
[Black "Frattini, Beatriz Maria"]
[Result "1-0"]
[WhiteElo "2218"]
[BlackElo "1854"]
[PlyCount "121"]
[EventDate "2021.05.29"]
[EventType "swiss (blitz)"]
[EventRounds "13"]
[EventCountry "USA"]
[SourceTitle "CBM 202 Extra"]
[Source "ChessBase"]
[SourceDate "2021.07.31"]
[SourceVersion "1"]
[SourceVersionDate "2021.07.31"]
[SourceQuality "1"]

1. e4 c5 2. Nf3 d6 3. d4 cxd4 4. Nxd4 Nf6 5. Nc3 Nc6 6. Be2 e5 7. Nf3 Be7 8. 0-0 0-0 9. h3 h6 10. Nh2 Be6 11. Be3 Nd7 12. Bg4 f5 13. exf5 Bxf5 14. Bxf5 Rxf5 15. Nd5 Bf8 16. Qd3 Rf7 17. Rad1 Nf6 18. Ng4 Nxd5 19. Qxd5 Qc7 20. c3 Kh8 21. Rfe1 Re8 22. Bc1 Rf5 23. Ne3 Rf6 24. Qd3 Ne7 25. Ng4 Rf7 26. Qxd6 Qxd6 27. Rxd6 Nc6 28. Rd5 Rfe7 29. Re4 Kh7 30. Kf1 Kg6 31. Ke2 Kf5 32. f3 g5 33. h4 Bg7 34. hxg5 hxg5 35. Ne3+ Kg6 36. Rd6+ Re6 37. Rxe6+ Rxe6 38. Rg4 Bf6 39. Nd5 Ne7 40. Nxf6 Kxf6 41. Bxg5+ Kf5 42. Bxe7 Rxe7 43. Re4 Rg7 44. g4+ Kf6 45. Rb4 Rd7 46. Ke3 Kg5 47. Rb5 Kf6 48. f4 exf4+ 49. Kxf4 b6 50. Rf5+ Kg6 51. Re5 Rd2 52. Re6+ Kf7 53. Rc6 Rf2+ 54. Kg5 Rxb2 55. Rc7+ Ke6 56. Rxa7 Rc2 57. Rb7 Rxa2 58. Rxb6+ Kf7 59. Rb7+ Ke6 60. Kg6 Rc2 61. Rc7 1-0

[Event "Speed Chess (Women) Q1"]
[Site "Chess.com INT"]
[Date "2021.05.28"]
[Round "3"]
[White "Frattini, Beatriz Maria"]
[Black "Borisova, Ekaterina"]
[Result "0-1"]
[WhiteElo "1854"]
[BlackElo "2268"]
[PlyCount "82"]
[EventDate "2021.05.28"]
[EventType "swiss (blitz)"]
[EventRounds "9"]
[EventCountry "USA"]
[SourceTitle "CBM 202 Extra"]
[Source "ChessBase"]
[SourceDate "2021.07.31"]
[SourceVersion "1"]
[SourceVersionDate "2021.07.31"]
[SourceQuality "1"]

1. e4 e5 2. Nf3 Nc6 3. Bb5 a6 4. Ba4 Nf6 5. 0-0 b5 6. Bb3 Bc5 7. c3 d6 8. Bc2 0-0 9. h3 h6 10. d4 Bb6 11. Re1 Re8 12. dxe5 dxe5 13. Qe2 Be6 14. Nbd2 Qe7 15. Nf1 Bc4 16. Bd3 Bxd3 17. Qxd3 Rad8 18. Qe2 Na5 19. Ng3 Qd7 20. Be3 Bxe3 21. Qxe3 Nc4 22. Qe2 Qd3 23. Nf5 Qxe2 24. Rxe2 Kh7 25. b3 Nb6 26. g4 g6 27. Ng3 Rd3 28. Re3 Red8 29. Rae1 Rxe3 30. Rxe3 Rd1+ 31. Kg2 Nfd7 32. g5 h5 33. Ne2 Ra1 34. a4 bxa4 35. bxa4 Rxa4 36. Ng3 Ra1 37. Rd3 a5 38. Nd2 a4 39. c4 a3 40. Nb3 Rb1 41. c5 a2 0-1

[Event "Speed Chess (Women) Q1"]
[Site "Chess.com INT"]
[Date "2021.05.28"]
[Round "8"]
[White "Frattini, Beatriz Maria"]
[Black "Michelle, Catherina P"]
[Result "0-1"]
[WhiteElo "1854"]
[BlackElo "2176"]
[PlyCount "58"]
[EventDate "2021.05.28"]
[EventType "swiss (blitz)"]
[EventRounds "9"]
[EventCountry "USA"]
[SourceTitle "CBM 202 Extra"]
[Source "ChessBase"]
[SourceDate "2021.07.31"]
[SourceVersion "1"]
[SourceVersionDate "2021.07.31"]
[SourceQuality "1"]

1. e4 e5 2. Nf3 Nc6 3. Bb5 g6 4. 0-0 Bg7 5. c3 a6 6. Ba4 Nge7 7. d4 exd4 8. cxd4 b5 9. Bb3 0-0 10. Nc3 d6 11. h3 Na5 12. Bc2 c5 13. Re1 Qb6 14. Be3 Nc4 15. dxc5 dxc5 16. Bg5 Nxb2 17. Qe2 Bxc3 18. Bxe7 Re8 19. Bg5 Bxe1 20. Qxe1 Nc4 21. Qc3 Bb7 22. Bh6 f6 23. Re1 Qe6 24. Ng5 Qe5 25. Qxe5 Nxe5 26. Nf3 Nxf3+ 27. gxf3 c4 28. a4 b4 29. Bd2 a5 0-1

[Event "Nizami Ganjavi 880 years U17"]
[Site "Tornelo INT"]
[Date "2021.04.04"]
[Round "7.6"]
[White "Mihailova, Alina"]
[Black "Frattini, Beatriz Maria"]
[Result "1-0"]
[WhiteElo "1795"]
[BlackElo "1854"]
[PlyCount "73"]
[EventDate "2021.04.02"]
[EventType "team-swiss (blitz)"]
[EventRounds "9"]
[EventCountry "AZE"]
[SourceTitle "EXT 2023"]
[Source "ChessBase"]
[SourceDate "2022.10.05"]
[SourceVersion "1"]
[SourceVersionDate "2022.10.05"]
[SourceQuality "1"]
[WhiteTeam "Moldova"]
[BlackTeam "Brasil JXT"]
[WhiteTeamCountry "MDA"]
[BlackTeamCountry "BRA"]

1. d4 Nf6 2. c4 g6 3. g3 Bg7 4. Nf3 0-0 5. Bg2 d6 6. 0-0 Nbd7 7. Nc3 e5 8. e4 Re8 9. h3 exd4 10. Nxd4 Nc5 11. Re1 a5 12. Ndb5 Bd7 13. Qc2 Bxb5 14. cxb5 Qd7 15. Be3 Rab8 16. Rad1 Qe7 17. Bd4 Ne6 18. Nd5 Nxd5 19. Bxg7 Nb4 20. Qb3 Nxg7 21. a3 Nc6 22. bxc6 bxc6 23. Qc3 c5 24. e5 Qd8 25. Bc6 Re7 26. Qxa5 Rxb2 27. exd6 Rxe1+ 28. Rxe1 Qc8 29. d7 Qd8 30. Re8+ Nxe8 31. dxe8Q+ Qxe8 32. Bxe8 c4 33. Qc3 Rb1+ 34. Kg2 Rb3 35. Qxc4 Rxa3 36. Qxf7+ Kh8 37. Qf8# 1-0